[Event "Krakow op-B 29th"]
[Site "Krakow"]
[Date "2018.12.27"]
[Round "1"]
[White "Nikitin, Aleksander I"]
[Black "Podgorski, Maciej"]
[Result "1-0"]
[WhiteElo "2031"]
[BlackElo "1841"]
[PlyCount "113"]
[EventDate "2018.12.27"]
[EventType "swiss"]
[EventRounds "9"]
[EventCountry "POL"]
[SourceTitle "CBM 189 Extra"]
[Source "ChessBase"]
[SourceDate "2019.06.03"]
[SourceVersion "1"]
[SourceVersionDate "2019.06.03"]
[SourceQuality "1"]

1. b4 e5 2. Bb2 Qe7 3. a3 Nf6 4. c4 g6 5. e3 Bg7 6. Nc3 0-0 7. Nf3 d6 8. d4 e4 9. Nd2 Bf5 10. Be2 h5 11. h3 h4 12. Qc2 Nbd7 13. Nb3 b6 14. b5 Rfc8 15. Qd2 c5 16. bxc6 Rxc6 17. a4 Rac8 18. Nb5 Ra8 19. Ba3 Ne8 20. 0-0 a6 21. Nc3 Rac8 22. Rac1 Qg5 23. Kh1 Nef6 24. Rfd1 Bf8 25. a5 bxa5 26. Na4 Nb6 27. Nxb6 Rxb6 28. Nxa5 Nd7 29. Rc2 Be6 30. Rdc1 Be7 31. Bb4 Rcb8 32. Bc3 f5 33. d5 Bf7 34. Nc6 Re8 35. Nxe7+ Rxe7 36. Ra2 Nc5 37. Qd4 Re5 38. Qd1 Re8 39. Rca1 f4 40. Qd4 Re5 41. Bg4 Rb7 42. Qd1 Ree7 43. Re2 Be8 44. Bd2 f3 45. gxf3 exf3 46. Bxf3 Bd7 47. Bg2 Bf5 48. e4 Qf6 49. f3 Bc8 50. Be3 Rbc7 51. Rb1 Nd7 52. Rc2 Ne5 53. c5 Rf7 54. f4 Nd7 55. cxd6 Qxd6 56. e5 Qe7 57. Rxc7 1-0

[Event "Krakow op-B 28th"]
[Site "Krakow"]
[Date "2017.12.31"]
[Round "6"]
[White "Nikitin, Aleksander I"]
[Black "Janus, Przemyslaw"]
[Result "0-1"]
[WhiteElo "2018"]
[BlackElo "2071"]
[PlyCount "94"]
[EventDate "2017.12.27"]
[EventType "swiss"]
[EventRounds "9"]
[EventCountry "POL"]
[SourceTitle "CBM 182 Extra"]
[Source "ChessBase"]
[SourceDate "2018.02.23"]
[SourceVersion "1"]
[SourceVersionDate "2018.02.23"]
[SourceQuality "1"]

1. Nf3 d5 2. g3 c5 3. Bg2 Nc6 4. 0-0 e5 5. d3 Nf6 6. Bg5 Be7 7. Nfd2 0-0 8. Nc3 Be6 9. e4 d4 10. Bxf6 Bxf6 11. Nd5 Be7 12. c4 dxc3 13. bxc3 b5 14. Re1 a5 15. Nf1 b4 16. Qa4 Bd7 17. Qc2 Bd6 18. Nfe3 Na7 19. Nc4 Bb5 20. Nde3 Bxc4 21. Nxc4 Nb5 22. cxb4 Nd4 23. Qb2 Rb8 24. a3 cxb4 25. axb4 Bxb4 26. Reb1 Bc3 27. Qxb8 Qxb8 28. Rxb8 Rxb8 29. Ra2 f6 30. f4 Rb1+ 31. Kf2 Nb3 32. Bh3 Nc1 33. Be6+ Kf8 34. Ra3 Bb4 35. Ra4 Nxd3+ 36. Ke3 Nc5 37. Ra2 Nxe6 38. fxe5 fxe5 39. Nxe5 Re1+ 40. Kd3 Nc5+ 41. Kd4 Rxe4+ 42. Kd5 Re1 43. Rf2+ Ke8 44. Nc6 Ne4 45. Rf4 Nf6+ 46. Kd4 Kd7 47. Ne5+ Rxe5 0-1

[Event "Krakow op-B 28th"]
[Site "Krakow"]
[Date "2017.12.30"]
[Round "4"]
[White "Nikitin, Aleksander I"]
[Black "Jankowiak, Tomasz"]
[Result "1-0"]
[WhiteElo "2018"]
[BlackElo "1923"]
[PlyCount "63"]
[EventDate "2017.12.27"]
[EventType "swiss"]
[EventRounds "9"]
[EventCountry "POL"]
[SourceTitle "CBM 182 Extra"]
[Source "ChessBase"]
[SourceDate "2018.02.23"]
[SourceVersion "1"]
[SourceVersionDate "2018.02.23"]
[SourceQuality "1"]

1. b4 e5 2. Bb2 f6 3. b5 d5 4. e3 Be6 5. d4 e4 6. c4 f5 7. Qb3 Nf6 8. Nd2 Nbd7 9. a4 Be7 10. Nh3 Bf7 11. a5 h6 12. Nf4 g5 13. Nxd5 Nxd5 14. cxd5 Nf6 15. Bc4 Nxd5 16. 0-0 0-0 17. f3 exf3 18. Rxf3 Qd7 19. e4 fxe4 20. Rxf7 Kxf7 21. Bxd5+ Kg7 22. Bxb7 Rab8 23. Bc6 Qg4 24. Nxe4 h5 25. Qc3 Kh6 26. Re1 Qf5 27. Qe3 Rf7 28. Ng3 Qf6 29. Rf1 Qg6 30. Rxf7 Qxf7 31. Qxe7 Qxe7 32. Nf5+ 1-0

[Event "Krakow op-B 24th"]
[Site "Krakow"]
[Date "2013.12.29"]
[Round "4"]
[White "Kosakowski, Jakub"]
[Black "Nikitin, Aleksander I"]
[Result "0-1"]
[WhiteElo "1915"]
[BlackElo "2099"]
[PlyCount "67"]
[EventDate "2013.12.27"]
[EventType "swiss"]
[EventRounds "9"]
[EventCountry "POL"]
[SourceTitle "CBM 158 Extra"]
[Source "ChessBase"]
[SourceDate "2014.02.28"]
[SourceVersion "1"]
[SourceVersionDate "2014.02.28"]
[SourceQuality "1"]

1. e4 d5 2. exd5 Qxd5 3. Nc3 Qd6 4. d4 Nf6 5. Bc4 c6 6. Nf3 Bg4 7. Be3 e6 8. h3 Bxf3 9. Qxf3 Nbd7 10. 0-0-0 Qc7 11. g4 Nb6 12. Bb3 0-0-0 13. Kb1 Nbd5 14. Nxd5 Nxd5 15. Qe4 Be7 16. c4 Nxe3 17. fxe3 Bf6 18. Rhf1 h6 19. Rf3 Kb8 20. Rdf1 Rd7 21. c5 Re8 22. Rd1 Red8 23. Rf2 Qg3 24. Qf3 Qxf3 25. Rxf3 e5 26. dxe5 Rxd1+ 27. Bxd1 Bxe5 28. Bc2 f6 29. Kc1 Rd5 30. b4 a5 31. a3 axb4 32. axb4 Kc7 33. Be4 Rd8 34. Kc2 0-1

[Event "Rewal op-B 17th"]
[Site "Rewal"]
[Date "2012.08.??"]
[Round "1"]
[White "Misztal, Piotr"]
[Black "Nikitin, Aleksander I"]
[Result "1/2-1/2"]
[WhiteElo "1778"]
[BlackElo "2094"]
[PlyCount "207"]
[EventDate "2012.08.20"]
[EventType "swiss"]
[EventRounds "9"]
[EventCountry "POL"]
[SourceTitle "EXT 2014"]
[Source "ChessBase"]
[SourceDate "2013.11.20"]
[SourceVersion "1"]
[SourceVersionDate "2013.11.20"]
[SourceQuality "1"]

1. e4 Nf6 2. e5 Nd5 3. d4 d6 4. Nf3 g6 5. c4 Nb6 6. exd6 cxd6 7. Nc3 Bg7 8. Be2 0-0 9. 0-0 Bg4 10. Be3 Nc6 11. b3 d5 12. c5 Nc8 13. Rc1 e6 14. a3 N8e7 15. h3 Bxf3 16. Bxf3 Nf5 17. Ne2 Nh4 18. b4 a6 19. Rb1 Qf6 20. a4 Nxf3+ 21. gxf3 Qxf3 22. b5 axb5 23. axb5 Na5 24. Nf4 Qe4 25. Qd3 Qxd3 26. Nxd3 Nc4 27. Nb4 Na3 28. Rb3 Nxb5 29. Nc2 Na7 30. Rxb7 Nc6 31. Rfb1 Rfc8 32. R1b6 e5 33. dxe5 Bxe5 34. Rd7 d4 35. Nxd4 Nxd4 36. Bxd4 Bxd4 37. Rxd4 Rxc5 38. Rf6 Ra1+ 39. Kg2 Rg5+ 40. Rg4 Rd5 41. Rgf4 Rd7 42. h4 Kg7 43. Kh2 Ra5 44. Kg2 Rh5 45. Kg3 Rd3+ 46. Kg2 Rd7 47. Kg3 Rb5 48. Kg2 Rb3 49. Kh2 Rbb7 50. Kg2 Re7 51. Kh2 Re6 52. Rxe6 fxe6 53. Kg3 Rb3+ 54. f3 e5 55. Re4 Kf6 56. Ra4 Kf5 57. Rc4 Rd3 58. Ra4 h6 59. Ra8 Rd6 60. Rf8+ Rf6 61. Re8 Rf7 62. Rh8 h5 63. Re8 Ra7 64. Rf8+ Ke6 65. Rg8 Kf7 66. Rb8 Ra3 67. Rb4 Ke6 68. Rb8 Kf7 69. Rb4 Kf6 70. Rb6+ Kf5 71. Rb5 Ra7 72. Rb8 Re7 73. Rg8 Re6 74. Rf8+ Rf6 75. Re8 Rd6 76. Rf8+ Ke6 77. Rg8 Kd5 78. Re8 Kd4 79. Re7 Rf6 80. Ra7 Rd6 81. Ra4+ Kd5 82. Ra5+ Ke6 83. Ra8 Kf7 84. Ra7+ Kf6 85. Ra8 Rc6 86. Rb8 Rc7 87. Rb6+ Kf5 88. Rb8 Rf7 89. Rb5 Ra7 90. Rb8 Rg7 91. Rf8+ Ke6 92. Re8+ Re7 93. Ra8 Kf6 94. Ra6+ Re6 95. Ra8 g5 96. hxg5+ Kxg5 97. Rg8+ Rg6 98. Re8 h4+ 99. Kh3 Kf4 100. Rf8+ Kg5 101. Re8 Kf4 102. Rf8+ Ke3 103. Kxh4 Rg1 104. Rf5 1/2-1/2

[Event "Rewal op-B 17th"]
[Site "Rewal"]
[Date "2012.08.??"]
[Round "8"]
[White "Murawko, Katarzyna"]
[Black "Nikitin, Aleksander I"]
[Result "0-1"]
[WhiteElo "1859"]
[BlackElo "2094"]
[PlyCount "30"]
[EventDate "2012.08.20"]
[EventType "swiss"]
[EventRounds "9"]
[EventCountry "POL"]
[SourceTitle "EXT 2014"]
[Source "ChessBase"]
[SourceDate "2013.11.20"]
[SourceVersion "1"]
[SourceVersionDate "2013.11.20"]
[SourceQuality "1"]

1. e4 d5 2. exd5 Qxd5 3. d4 e5 4. Be3 exd4 5. Bxd4 Nc6 6. Qe2+ Be6 7. Be3 0-0-0 8. Nd2 Nb4 9. Nb3 Qf5 10. Rc1 Nxa2 11. Ra1 Bb4+ 12. Nd2 Qxc2 13. Ngf3 Qxb2 14. Bd4 Rxd4 15. Nxd4 Qxd4 0-1

[Event "Krakow op-B 22nd"]
[Site "Krakow"]
[Date "2011.12.28"]
[Round "2"]
[White "Nikitin, Aleksander I"]
[Black "Chmiel, Marcin"]
[Result "1-0"]
[WhiteElo "2094"]
[BlackElo "1906"]
[PlyCount "69"]
[EventDate "2011.12.27"]
[EventType "swiss"]
[EventRounds "9"]
[EventCountry "POL"]
[SourceTitle "CBM 146 Extra"]
[Source "ChessBase"]
[SourceDate "2012.02.29"]
[SourceVersion "1"]
[SourceVersionDate "2012.02.29"]
[SourceQuality "1"]

1. d4 d5 2. Nf3 Nf6 3. e3 c5 4. c3 Qb6 5. Bd3 Bg4 6. Qa4+ Nc6 7. Ne5 Bd7 8. Nxd7 Nxd7 9. Nd2 e5 10. dxe5 Ndxe5 11. Bc2 Bd6 12. 0-0 0-0 13. Qh4 Ng6 14. Qh5 Rad8 15. f4 c4 16. Kh1 Rfe8 17. Nf3 Nf8 18. Qxd5 Bxf4 19. Qxc4 Bxe3 20. Bb3 Ne6 21. Bxe3 Qxe3 22. Rae1 Qc5 23. Rxe6 Qxc4 24. Rxe8+ Rxe8 25. Bxc4 h6 26. Bb5 Re3 27. Bxc6 bxc6 28. Re1 Rd3 29. Kg1 f6 30. Kf2 c5 31. Re8+ Kh7 32. Ke2 Rd7 33. Rc8 Rb7 34. b3 Rb5 35. c4 1-0

[Event "Krakow op-B 22nd"]
[Site "Krakow"]
[Date "2011.12.27"]
[Round "1"]
[White "Malinowski, Damian"]
[Black "Nikitin, Aleksander I"]
[Result "0-1"]
[WhiteElo "1833"]
[BlackElo "2094"]
[PlyCount "144"]
[EventDate "2011.12.27"]
[EventType "swiss"]
[EventRounds "9"]
[EventCountry "POL"]
[SourceTitle "CBM 146 Extra"]
[Source "ChessBase"]
[SourceDate "2012.02.29"]
[SourceVersion "1"]
[SourceVersionDate "2012.02.29"]
[SourceQuality "1"]

1. c4 f5 2. d4 Nf6 3. g3 d6 4. Bg2 c6 5. Nf3 Qc7 6. d5 cxd5 7. cxd5 Nxd5 8. a3 e6 9. 0-0 Nf6 10. Nc3 a6 11. Be3 Bd7 12. Rc1 Nc6 13. Na4 Nd5 14. Bd2 Qd8 15. Ng5 Nf6 16. Re1 d5 17. b4 Bd6 18. Nc5 Bxc5 19. Rxc5 0-0 20. Rc1 Ne5 21. Bc3 Nc6 22. Nf3 Qe8 23. Ne5 Ne4 24. Bxe4 fxe4 25. Nxc6 Bxc6 26. Qd4 Qf7 27. f4 Qg6 28. Qf2 Rf5 29. e3 Raf8 30. Qg2 R5f7 31. Bd4 Rd7 32. Bb2 Qe8 33. Bd4 Qd8 34. Qd2 Rf5 35. Re2 Bb5 36. Rf2 Bc4 37. Qb2 b5 38. Rd2 Qe8 39. Rf2 Qg6 40. Qd2 Rf8 41. Qd1 Rc7 42. Qe1 Rfc8 43. Rfc2 Qg4 44. Qf2 Rf7 45. Qg2 Rfc7 46. Be5 Rc6 47. Bd4 h6 48. h3 Qg6 49. Kh2 Qe8 50. Qd2 Qe7 51. Be5 Ra8 52. Bb2 Qc7 53. Qd4 a5 54. Qe5 axb4 55. axb4 Ra4 56. Qxc7 Rxc7 57. Bd4 Ra8 58. Bc5 Rac8 59. Bd6 Rc6 60. Bc5 Kf7 61. Kg2 Bd3 62. Rb2 g6 63. Kf2 Ra8 64. Ke1 Bc4 65. Kd2 g5 66. fxg5 hxg5 67. Kc3 e5 68. Rf2+ Ke6 69. h4 gxh4 70. gxh4 d4+ 71. exd4 Ra3+ 72. Kd2 e3+ 0-1

[Event "Krakow op-B 20th"]
[Site "Krakow"]
[Date "2010.01.04"]
[Round "9.5"]
[White "Nikitin, Aleksander I"]
[Black "Kiolbasa, Damian"]
[Result "1-0"]
[WhiteElo "2060"]
[BlackElo "1766"]
[PlyCount "122"]
[EventDate "2009.12.27"]
[EventType "swiss"]
[EventRounds "9"]
[EventCountry "POL"]
[SourceTitle "EXT 2023"]
[Source "ChessBase"]
[SourceDate "2022.10.05"]
[SourceVersion "1"]
[SourceVersionDate "2022.10.05"]
[SourceQuality "1"]

1. b4 d5 2. Bb2 Bg4 3. h3 Bh5 4. c4 e6 5. Qb3 c6 6. e3 Nf6 7. d4 Nbd7 8. Nd2 Bd6 9. Ngf3 0-0 10. Bd3 Re8 11. Ne5 Nf8 12. 0-0 N6d7 13. Rac1 f6 14. Nxd7 Qxd7 15. Rfe1 f5 16. b5 a6 17. bxa6 bxa6 18. Ba3 g5 19. Qa4 Bxa3 20. Qxa3 g4 21. h4 g3 22. fxg3 Re7 23. Rb1 Rg7 24. Nf1 f4 25. exf4 dxc4 26. Be4 Qxd4+ 27. Qe3 Qf6 28. Rec1 Bg6 29. Rxc4 Rc8 30. Rb6 Bxe4 31. Qxe4 c5 32. Rxa6 Rd7 33. Qe2 Qa1 34. Rxe6 Rd1 35. f5 Rb8 36. Rg4+ Kh8 37. Qe5+ Qxe5 38. Rxe5 Rbb1 39. Rf4 c4 40. Rc5 Rbc1 41. a4 c3 42. a5 c2 43. a6 Ra1 44. Rxc2 Rxa6 45. g4 Ra7 46. Kh2 Kg7 47. Ng3 Nd7 48. g5 Kf7 49. Re2 Nc5 50. f6 Rc7 51. Rc4 Rdd7 52. Nf5 Nb7 53. Rce4 Kg6 54. g4 Nd6 55. Nxd6 Rxd6 56. Re7 Rdd7 57. Rxd7 Rxd7 58. Re7 Rxe7 59. fxe7 Kf7 60. Kg3 Kxe7 61. Kf4 Ke6 1-0

[Event "Krakow op-B 20th"]
[Site "Krakow"]
[Date "2010.01.02"]
[Round "6.6"]
[White "Zochowski, Kacper"]
[Black "Nikitin, Aleksander I"]
[Result "0-1"]
[WhiteElo "1850"]
[BlackElo "2060"]
[PlyCount "82"]
[EventDate "2009.12.27"]
[EventType "swiss"]
[EventRounds "9"]
[EventCountry "POL"]
[SourceTitle "EXT 2023"]
[Source "ChessBase"]
[SourceDate "2022.10.05"]
[SourceVersion "1"]
[SourceVersionDate "2022.10.05"]
[SourceQuality "1"]

1. e4 Nf6 2. e5 Nd5 3. c4 Nb6 4. d4 d6 5. exd6 cxd6 6. Nc3 g6 7. Nf3 Bg7 8. h3 0-0 9. b3 Nc6 10. Bb2 Bf5 11. Bd3 Bxd3 12. Qxd3 d5 13. c5 Nc8 14. 0-0 e6 15. a3 b6 16. b4 bxc5 17. dxc5 d4 18. Ne2 e5 19. Nd2 N8e7 20. f4 exf4 21. Nf3 Nf5 22. Nxf4 Qc7 23. Ne2 Rad8 24. Bc1 Ne3 25. Re1 Rfe8 26. Rb1 Ne5 27. Nxe5 Qxe5 28. Kh1 Qg5 29. Rg1 Be5 30. Rb3 Bc7 31. Rb2 Qe5 32. g3 Qd5+ 33. Kh2 Qf3 34. Bxe3 Rxe3 35. Qd1 d3 36. Nf4 Qe4 37. Qg4 d2 38. Rbb1 h5 39. Qg5 h4 40. Qxh4 Re2+ 41. Nxe2 Qxh4 0-1

[Event "Kostroma Volga Cup op"]
[Site "Kostroma"]
[Date "2008.07.??"]
[Round "1"]
[White "Prosvirnin, Lev"]
[Black "Nikitin, Aleksander I"]
[Result "1/2-1/2"]
[WhiteElo "2241"]
[BlackElo "2060"]
[PlyCount "50"]
[EventDate "2008.07.??"]
[EventType "swiss"]
[EventRounds "9"]
[EventCountry "RUS"]
[SourceTitle "EXT 2009"]
[Source "ChessBase"]
[SourceDate "2008.11.26"]
[SourceVersion "1"]
[SourceVersionDate "2008.11.26"]
[SourceQuality "1"]

1. c4 Nf6 2. Nf3 e6 3. d4 Bb4+ 4. Nbd2 0-0 5. e3 c5 6. a3 Bxd2+ 7. Qxd2 cxd4 8. exd4 d5 9. Bd3 Nc6 10. 0-0 Na5 11. Qe2 dxc4 12. Bxc4 Nxc4 13. Qxc4 Qd5 14. Ne5 b6 15. Be3 Bb7 16. Qxd5 Nxd5 17. Rfc1 Rfc8 18. Rxc8+ Rxc8 19. Rc1 Rxc1+ 20. Bxc1 f6 21. Nc4 Kf8 22. f3 Ke7 23. Kf2 Ba6 24. b3 Kd7 25. Bd2 Kc6 1/2-1/2

[Event "Moscow op-B 04th"]
[Site "Moscow"]
[Date "2008.02.03"]
[Round "2"]
[White "Nikitin, Aleksander I"]
[Black "Spichkin, Alexander"]
[Result "0-1"]
[WhiteElo "2104"]
[BlackElo "2161"]
[PlyCount "78"]
[EventDate "2008.02.02"]
[EventType "swiss"]
[EventRounds "9"]
[EventCountry "RUS"]
[SourceTitle "CBM 122 Extra"]
[Source "ChessBase"]
[SourceDate "2008.03.04"]
[SourceVersion "1"]
[SourceVersionDate "2008.03.04"]
[SourceQuality "1"]

1. d4 Nf6 2. Nf3 d5 3. c4 dxc4 4. e3 Bg4 5. Bxc4 e6 6. Qb3 Bxf3 7. gxf3 Nbd7 8. Bd2 Nb6 9. Be2 Be7 10. Bc3 Nfd5 11. Bd2 c5 12. dxc5 Bxc5 13. Nc3 0-0 14. Rg1 Qh4 15. Rg4 Qxh2 16. 0-0-0 f5 17. Rg3 Bd6 18. f4 Rac8 19. Rdg1 Rf7 20. Kb1 Bf8 21. Nxd5 Nxd5 22. Bf3 Qh4 23. Bxd5 exd5 24. Qxd5 Rd8 25. Qa5 b6 26. Qc3 Rd5 27. Qc1 Rfd7 28. Bc3 Qd8 29. Bd4 g6 30. Qc4 Bg7 31. Rd1 Kh8 32. Bxg7+ Kxg7 33. Rxd5 Rxd5 34. a3 Rd1+ 35. Ka2 Qg8 36. Qxg8+ Kxg8 37. Kb3 Rd2 38. Rg2 Kf7 39. Kc3 Re2 0-1

[Event "Kochan Memorial op-B 18th"]
[Site "Koszalin"]
[Date "2007.08.10"]
[Round "6"]
[White "Fengier, Winicjusz"]
[Black "Nikitin, Aleksander I"]
[Result "0-1"]
[WhiteElo "2095"]
[BlackElo "2011"]
[PlyCount "96"]
[EventDate "2007.08.05"]
[EventType "swiss"]
[EventRounds "9"]
[EventCountry "POL"]
[SourceTitle "EXT 2011"]
[Source "ChessBase"]
[SourceDate "2010.11.26"]
[SourceVersion "1"]
[SourceVersionDate "2010.11.26"]
[SourceQuality "1"]

1. Nf3 Nf6 2. c4 d6 3. g3 e5 4. d3 Nbd7 5. Bg2 Be7 6. Nc3 c6 7. b4 0-0 8. 0-0 Qc7 9. a4 Re8 10. a5 d5 11. Qb3 d4 12. Na4 Rb8 13. e3 dxe3 14. Bxe3 c5 15. Nc3 Qd8 16. b5 b6 17. a6 h6 18. h3 Qc7 19. Rfc1 Bd6 20. Nd2 Qd8 21. Kh2 Bc7 22. Nd5 Nxd5 23. cxd5 Nf8 24. Nc4 Ng6 25. h4 Ne7 26. Nd2 Nf5 27. Ne4 Bd7 28. Re1 Nd6 29. Nxd6 Bxd6 30. Bc1 Re7 31. Bh3 Bxh3 32. Kxh3 Qd7+ 33. Kg2 Rd8 34. Bb2 Bc7 35. Re3 Qxd5+ 36. Qxd5 Rxd5 37. g4 Red7 38. Rae1 f6 39. g5 hxg5 40. hxg5 Rxd3 41. g6 Rxe3 42. Rxe3 Kf8 43. Kf3 Ke7 44. Bc3 Ke6 45. Ke2 Kf5 46. Rd3 Bd6 47. Rg3 e4 48. Rg1 Bf4 0-1

[Event "Perla Baltyku op-B 3rd"]
[Site "Mielno"]
[Date "2007.06.25"]
[Round "9"]
[White "Wcislo, Damian"]
[Black "Nikitin, Aleksander I"]
[Result "1-0"]
[WhiteElo "2040"]
[BlackElo "2011"]
[PlyCount "133"]
[EventDate "2007.06.18"]
[EventType "swiss"]
[EventRounds "9"]
[EventCountry "POL"]
[SourceTitle "EXT 2008"]
[Source "ChessBase"]
[SourceDate "2007.11.25"]
[SourceVersion "1"]
[SourceVersionDate "2007.11.25"]
[SourceQuality "1"]

1. d4 f5 2. c4 Nf6 3. Nf3 d6 4. Nc3 c6 5. g3 Qc7 6. d5 e5 7. dxe6 Bxe6 8. Nd4 Bd7 9. Bg2 Be7 10. Qc2 Qc8 11. 0-0 0-0 12. Bg5 h6 13. Bxf6 Rxf6 14. f4 Na6 15. Rae1 Rf7 16. e4 fxe4 17. Nxe4 Qc7 18. Rf2 Qb6 19. Qd1 Rd8 20. Bf3 g6 21. Rd2 Bf8 22. Kh1 Nc7 23. Nc3 Qb4 24. Qc2 Rg7 25. Qd3 Qa5 26. a3 Qa6 27. f5 gxf5 28. Nxf5 Bxf5 29. Qxf5 Be7 30. Rde2 Rf8 31. Qd3 Bf6 32. Ne4 Be5 33. Bg2 c5 34. Nxc5 dxc5 35. Rxe5 Qb6 36. Re7 Qxb2 37. Rxg7+ Qxg7 38. Bxb7 Kh8 39. Qe3 Ne8 40. Bd5 Nf6 41. Qxc5 Ng4 42. Bg2 a6 43. Qd6 h5 44. Qd5 Qg6 45. Qd4+ Rf6 46. Rf1 Kg7 47. h3 Nh6 48. Be4 Qf7 49. Rb1 Qe6 50. Rb7+ Nf7 51. Bg2 Kh6 52. Rb1 Nd6 53. c5 Nf5 54. Qf4+ Kg7 55. Rb7+ Kg8 56. c6 Ng7 57. Rb8+ Kf7 58. Qb4 Nf5 59. Rb7+ Kg6 60. Qe4 Qd6 61. g4 Qd1+ 62. Kh2 Qd6+ 63. Kg1 Qd1+ 64. Bf1 Qd4+ 65. Qxd4 Nxd4 66. c7 Rc6 67. Rb6 1-0

[Event "Perla Baltyku op-B 3rd"]
[Site "Mielno"]
[Date "2007.06.22"]
[Round "6"]
[White "Nikitin, Aleksander I"]
[Black "Lisinski, Henryk"]
[Result "1-0"]
[WhiteElo "2011"]
[BlackElo "2024"]
[PlyCount "97"]
[EventDate "2007.06.18"]
[EventType "swiss"]
[EventRounds "9"]
[EventCountry "POL"]
[SourceTitle "EXT 2008"]
[Source "ChessBase"]
[SourceDate "2007.11.25"]
[SourceVersion "1"]
[SourceVersionDate "2007.11.25"]
[SourceQuality "1"]

1. Nf3 Nf6 2. g3 b6 3. Bg2 Bb7 4. 0-0 g6 5. d3 Bg7 6. e4 d6 7. a4 a5 8. Na3 0-0 9. Nc4 Nbd7 10. Bd2 d5 11. exd5 Bxd5 12. Bc3 Rb8 13. Re1 Re8 14. h4 Qc8 15. Ng5 Bxg2 16. Kxg2 Qb7+ 17. Kg1 h6 18. Nf3 Rbd8 19. Nfe5 Nc5 20. Qe2 h5 21. b3 Ncd7 22. Bb2 Nxe5 23. Qxe5 Rd5 24. Qc3 Rf5 25. Re2 Kh7 26. Rae1 e6 27. Ne3 Rf3 28. Nc4 Rg8 29. Qd2 Bh6 30. Qd1 Ng4 31. Ne5 Nxe5 32. Bxe5 g5 33. Re4 g4 34. Rc4 c5 35. Qe2 f6 36. Bb2 e5 37. Bc1 Bxc1 38. Rxc1 Rd8 39. Re1 Rd4 40. Rxd4 cxd4 41. Qd2 Qc6 42. Rc1 Qd5 43. b4 Kg6 44. bxa5 bxa5 45. Rb1 Qa2 46. Rb6 Qxa4 47. Qg5+ Kf7 48. Qxh5+ Ke7 49. Qh7+ 1-0